Construction statistics annual report 2012 (Record no. 114705)

MARC details
000 -LEADER
fixed length control field 01784cad a22002175a 4500
001 - CONTROL NUMBER
control field L157295
008 - FIXED-LENGTH DATA ELEMENTS--GENERAL INFORMATION
fixed length control field 121012e20120812 000 0 eng u
035 ## - SYSTEM CONTROL NUMBER
System control number (Sirsi) u157295
041 ## - LANGUAGE CODE
Language code of text/sound track or separate title eng
110 ## - MAIN ENTRY--CORPORATE NAME
Corporate name or jurisdiction name as entry element United Kingdom
Subordinate unit Office of National Statistics
9 (RLIN) 2035
245 ## - TITLE STATEMENT
Title Construction statistics annual report 2012
Medium [electronic resource]
260 ## - PUBLICATION, DISTRIBUTION, ETC.
Place of publication, distribution, etc. Newport
Name of publisher, distributor, etc. ONS
Date of publication, distribution, etc. 2012
490 #0 - SERIES STATEMENT
Series statement ONS Construction Statistics
Volume/sequential designation (13) 2012
505 ## - FORMATTED CONTENTS NOTE
Formatted contents note New orders -- Output -- Structure of the industry -- Price indices -- Cost indices -- Investment -- Commercial floor space -- Government department's construction plan -- Local authority expenditure -- National Lottery funded projects -- Planning applications and decisions -- Trends in employment and the professions -- Northern Ireland, Wales and Scotland -- Building materials -- International comparisons -- Key performance indicators and benchmarking -- Background notes
520 ## - SUMMARY, ETC.
Summary, etc. This report brings together a wide range of statistics that are currently available on the construction industry from a variety of sources. It gives a broad perspective of statistical trends in the construction industry in Great Britain through the last decade together with some international comparisons and features on leading initiatives that may influence the future. This is the fourth web based only edition and the tables produced by ONS are available in Excel, allowing independent analyses of the published information.
590 ## - LOCAL NOTE (RLIN)
Local note KA NTK
651 #4 - SUBJECT ADDED ENTRY--GEOGRAPHIC NAME
Geographic name Great Britain
Chronological subdivision 1707-
690 ## - LOCAL SUBJECT ADDED ENTRY--TOPICAL TERM (OCLC, RLIN)
Topical term or geographic name as entry element Construction management
9 (RLIN) 6230
856 40 - ELECTRONIC LOCATION AND ACCESS
Uniform Resource Identifier <a href="https://www.ons.gov.uk/ons/rel/construction/construction-statistics/no--13--2012-edition/art-construction-statistics-annual--2012.html">https://www.ons.gov.uk/ons/rel/construction/construction-statistics/no--13--2012-edition/art-construction-statistics-annual--2012.html</a>
Public note View this item free of charge at www.ons.gov.uk
942 ## - ADDED ENTRY ELEMENTS (KOHA)
Suppress in OPAC 0
Holdings
Withdrawn status Lost status Source of classification or shelving scheme Damaged status Not for loan Home library Current library Shelving location Date acquired Total Checkouts Full call number Barcode Date last seen Copy number Price effective from Koha item type
    Dewey Decimal Classification     Virtual Virtual Online 12/10/2012   ONLINE PUBLICATION 157295-2001 06/08/2019 1 06/08/2019 Book